[Event "It"]
[Site "masterchessopen.com – Javea"]
[Round "0"]
[White "Eslon Jaan (SWE)"]
[Black "Bevia Luis Martinez (ESP)"]
[Result "1-0"]
[WhiteElo "2420"]
[BlackElo "2181"]

1.d4 Nf6 2.c4 e6 3.Nc3 Bb4 4.f3 c5 5.d5 Nh5 6.Nh3 Qh4+ 7.Nf2 Qxc4 8.e4 Bxc3+
9.bxc3 Qxc3+ 10.Bd2 Qa3 11.g4 Nf6 12.g5 Ng8 13.Rg1 e5 14.Rg3 Qb2 15.Rb1 Qd4
16.Qc1 a6 17.Bc3 Qa4 18.Bxe5 Ne7 19.Bxg7 Rg8 20.Be5 Qa5+ 21.Bc3 Qc7 22.Ng4
{#r} 1-0

[Event "It (open)"]
[Site "masterchessopen.com – Paris (France)"]
[Round "3"]
[White "Wells Peter K (ENG)"]
[Black "Appleberry Martin (FRA)"]
[Result "1-0"]
[WhiteElo "2497"]
[BlackElo "2189"]

1.d4 Nf6 2.c4 e6 3.Nc3 Bb4 4.f3 c5 5.d5 b5 6.e4 bxc4 7.Bxc4 Nxd5 8.Bxd5 exd5
9.Qxd5 O-O 10.Ne2 Ba6 11.a3 Bxc3+ 12.Nxc3 Qb6 13.Kf2 Nc6 14.Na4 Qa5 15.Nxc5
Nb4 16.axb4 Qxa1 17.Rd1 Bb5 18.Qb3 a5 19.Bh6 Qxd1 20.Qxd1 gxh6 21.Nb7 axb4
22.Nd6 Bc6 23.Qd4 b3 {#r} 1-0

[Event "It"]
[Site "masterchessopen.com – Quebec (Canada)"]
[Round "6"]
[White "Berube Richard (CAN)"]
[Black "Poitras Luc (CAN)"]
[Result "1-0"]
[WhiteElo "2189"]
[BlackElo "2124"]

1.d4 Nf6 2.c4 e6 3.Nc3 Bb4 4.f3 d5 5.a3 Be7 6.e4 dxc4 7.Be3 c6 8.Bxc4 Nbd7
9.Nge2 b5 10.Ba2 a6 11.O-O O-O 12.Rc1 c5 13.e5 Ne8 14.f4 cxd4 15.Nxd4 Bb7
16.Nxe6 {#r} 1-0

[Event "It"]
[Site "masterchessopen.com – Roses (Spain)"]
[Round "0"]
[White "Marin Mihail (ROM)"]
[Black "Vehi Bach Victor M (ESP)"]
[Result "1-0"]
[WhiteElo "2505"]
[BlackElo "2385"]

1.d4 Nf6 2.c4 e6 3.Nc3 Bb4 4.f3 c5 5.d5 Nh5 6.Nh3 Bxc3+ 7.bxc3 Qh4+ 8.Nf2 Qxc4
9.e4 Qxc3+ 10.Bd2 Qd4 11.Qc1 exd5 12.Bc3 Qa4 13.Qg5 d6 14.Qxh5 d4 15.Bd2 Be6
16.Be2 Nc6 17.O-O O-O-O 18.Rfc1 c4 19.f4 f6 20.Bd1 Qa3 21.Bg4 {#r} 1-0

[Event "It (open)"]
[Site "masterchessopen.com – New Isenburg (Germany)"]
[Date "1992.04.25"]
[Round "4"]
[White "Shabalov Alexander (USA)"]
[Black "Barsov Alexei (UZB)"]
[Result "1-0"]
[WhiteElo "2529"]
[BlackElo "2526"]

1.d4 Nf6 2.c4 e6 3.Nc3 Bb4 4.f3 d5 5.a3 Be7 6.e4 dxc4 7.Bxc4 c5 8.Nge2 O-O
9.Be3 Nc6 10.Bb5 cxd4 11.Nxd4 Nxd4 12.Qxd4 Bd7 13.Bxd7 Qxd7 14.Qxd7 Nxd7
15.Ke2 Ne5 16.Rhd1 Rfd8 17.Rxd8+ Rxd8 18.Bxa7 Nc4 19.Rc1 Nxb2 20.Nb5 Bg5
21.Rc2 Nd3 22.g3 e5 23.Bb6 {#r} 1-0

[Event "It (open) \"]
[Site "masterchessopen.com – Berlin (Germany)"]
[Round "0"]
[White "Kos Sebastian (GER)"]
[Black "Lerner Konstantin Z (UKR)"]
[Result "0-1"]
[WhiteElo "2208"]
[BlackElo "2530"]

1.d4 Nf6 2.c4 e6 3.Nc3 Bb4 4.f3 c5 5.d5 Nh5 6.g3 f5 7.e3 Nf6 8.Qd3 d6 9.dxe6
Bxe6 10.Bg2 Nc6 11.f4 d5 12.cxd5 Bxd5 13.Bxd5 Qxd5 14.Qxd5 Nxd5 15.Ne2 O-O-O
16.Bd2 Rhe8 17.O-O-O Nxe3 18.Bxe3 Rxe3 19.Rxd8+ Kxd8 20.Kc2 Rf3 {#R} 0-1

[Event "It (cat.2)"]
[Site "masterchessopen.com – Budapest (Hungary)"]
[Round "5"]
[White "Mensch Etienne (FRA)"]
[Black "Eperjesi Laszlo Dr (HUN)"]
[Result "0-1"]
[WhiteElo "2374"]
[BlackElo "2199"]

1.d4 Nf6 2.c4 e6 3.Nc3 Bb4 4.f3 c5 5.d5 O-O 6.e4 Nh5 7.Nh3 d6 8.g3 exd5 9.cxd5
Re8 10.g4 Nf6 11.Bg2 Na6 12.Nf2 Nc7 13.O-O Rb8 14.a4 a6 15.Kh1 Re7 16.Bh3 b5
17.axb5 axb5 18.Bd2 c4 {#R} 0-1

[Event "It"]
[Site "masterchessopen.com – Gstaad (Switzerland)"]
[Round "0"]
[White "Krizsany Laszlo (HUN)"]
[Black "Leutwyler Martin (SUI)"]
[Result "1-0"]
[WhiteElo "2455"]
[BlackElo "2122"]

1.d4 Nf6 2.c4 e6 3.Nc3 Bb4 4.f3 c5 5.d5 Bxc3+ 6.bxc3 Qa5 7.Bd2 d6 8.e4 Nbd7
9.Ne2 O-O 10.Ng3 Re8 11.Be2 Nb6 12.O-O Bd7 13.Qc1 Ba4 14.Bf4 Qa6 15.Bxd6 Rac8
16.Bf4 Nxc4 17.d6 Bb5 18.a4 Bxa4 19.Bh6 g6 20.Qg5 Nd7 21.Nh5 {#r} 1-0

[Event "Tournament (team)"]
[Site "masterchessopen.com – Habana (Cuba)"]
[Round "0"]
[White "Huergo Jose Ramon (CUB)"]
[Black "Diaz Augusto (CUB)"]
[Result "1-0"]
[WhiteElo "2320"]
[BlackElo "2248"]

1.d4 Nf6 2.c4 e6 3.Nc3 Bb4 4.f3 c5 5.d5 Nh5 6.g3 f5 7.e4 Qf6 8.f4 Qh6 9.Bg2
fxe4 10.Ne2 O-O 11.O-O Nf6 12.Nxe4 Nxe4 13.Bxe4 exd5 14.Qxd5+ Qe6 15.Qd3 Qh3
16.f5 d5 17.Qxd5+ Kh8 18.a3 Ba5 19.f6 gxf6 20.Bg5 Bd8 21.Qd6 Kg7 22.Nf4 Qg4
23.Bh6+ {#r} 1-0

[Event "It (open)"]
[Site "masterchessopen.com – Philadelphia (USA)"]
[Round "0"]
[White "Manion Josh (USA)"]
[Black "Delaune Richard K (USA)"]
[Result "0-1"]
[WhiteElo "2400"]
[BlackElo "2347"]

1.d4 Nf6 2.c4 e6 3.Nc3 Bb4 4.f3 c5 5.d5 O-O 6.e4 Re8 7.Ne2 d6 8.Bg5 exd5
9.cxd5 Nbd7 10.Ng3 Nxe4 11.Nxe4 Qxg5 12.Kf2 Qe5 13.Qd2 a6 14.a4 Nf6 15.Re1 Bf5
16.Nxf6+ Qxf6 17.Rxe8+ Rxe8 18.g3 Bd7 19.Bc4 Bxa4 20.Re1 Rxe1 {#R} 0-1

[Event "Tournament (team)"]
[Site "masterchessopen.com – Santiago (Chile)"]
[Round "9"]
[White "Melhuish Jose (CHI)"]
[Black "Vasquez Rodrigo (CHI)"]
[Result "0-1"]
[WhiteElo "2042"]
[BlackElo "2532"]

1.d4 Nf6 2.c4 e6 3.Nc3 Bb4 4.f3 c5 5.d5 Nh5 6.g3 f5 7.dxe6 Bxc3+ 8.bxc3 Qf6
9.exd7+ Nxd7 10.Qc2 O-O 11.Nh3 Ne5 12.Nf4 Nxf4 13.Bxf4 Nxc4 14.e3 Be6 15.h4 h6
16.Rd1 Rad8 17.Rxd8 Rxd8 18.Bxc4 Bxc4 19.h5 Rd3 20.Kf2 Qd8 21.e4 fxe4 22.fxe4
Qe8 23.e5 Qc6 24.Rf1 Rf3+ {#R} 0-1

[Event "It (open)"]
[Site "masterchessopen.com – Graz (Austria)"]
[Round "2"]
[White "Sakalauskas Vaidas (LTU)"]
[Black "Cebalo Miso (CRO)"]
[Result "1-0"]
[WhiteElo "2380"]
[BlackElo "2520"]

1.d4 Nf6 2.c4 e6 3.Nc3 Bb4 4.f3 c5 5.d5 Nh5 6.Nh3 Qh4+ 7.Nf2 Qxc4 8.e4 Bxc3+
9.bxc3 Qxc3+ 10.Bd2 Qa3 11.Rb1 Nf6 12.Qc2 Na6 13.Bb5 c4 14.Qxc4 exd5 15.exd5
O-O 16.O-O d6 17.Bc3 Bf5 18.Rb3 Qxa2 19.Ra1 Qc2 20.Rb2 Rfc8 21.Bc6 b5 22.Qd4
{#r} 1-0

[Event "It"]
[Site "masterchessopen.com – Caseres (Spain)"]
[Round "0"]
[White "Herraiz Hidalgo Herminio (ESP)"]
[Black "Lalic Bogdan (ENG)"]
[Result "0-1"]
[WhiteElo "2260"]
[BlackElo "2590"]

1.d4 Nf6 2.c4 e6 3.Nc3 Bb4 4.f3 d5 5.Qa4+ Nc6 6.a3 Be7 7.e3 O-O 8.f4 dxc4
9.Bxc4 Nd5 10.Bxd5 exd5 11.Qb5 Be6 12.Qxb7 Na5 13.Qa6 Nb3 14.Rb1 Bf5 15.Nge2
c5 16.O-O cxd4 17.Nxd4 Nxd4 18.exd4 Bxb1 19.Nxb1 Bf6 {#R} 0-1

[Event "Ch France (team)"]
[Site "masterchessopen.com – France"]
[Round "0"]
[White "Mensch Etienne (FRA)"]
[Black "Petit Rene (FRA)"]
[Result "1-0"]
[WhiteElo "2250"]
[BlackElo "2038"]

1.d4 Nf6 2.c4 e6 3.Nc3 Bb4 4.f3 Bxc3+ 5.bxc3 d6 6.e4 c5 7.Bd3 e5 8.d5 Qa5
9.Ne2 Bd7 10.Bd2 Ba4 11.Qc1 Nbd7 12.O-O a6 13.Rb1 b5 14.cxb5 axb5 15.Bxb5 c4
16.Bxa4 Qxa4 17.Be3 O-O 18.Ng3 g6 19.Rf2 Rfb8 20.Rfb2 Qa3 21.Bh6 Qa7+ 22.Be3
Qa3 23.h3 Nc5 24.Rxb8+ {#r} 1-0

[Event "Ch Germany (juniors) (under 13)"]
[Site "masterchessopen.com – Lingen (Germany)"]
[Round "-39"]
[White "Koehler Patrick (GER)"]
[Black "Gehmlich Marcel (GER)"]
[Result "1-0"]
[WhiteElo "2120"]
[BlackElo "2187"]

1.d4 Nf6 2.c4 e6 3.Nc3 Bb4 4.f3 d5 5.Bg5 Nbd7 6.e4 dxe4 7.fxe4 h6 8.Bxf6 Nxf6
9.Qa4+ c6 10.Qxb4 Qxd4 11.Rd1 Qe3+ 12.Be2 Ng4 13.Rd3 Qf2+ 14.Kd2 Qf4+ 15.Kc2
Ne3+ 16.Kb1 Nxg2 17.Nh3 Qf6 18.Rhd1 Nh4 19.Qd6 Ng6 20.Nf4 Nf8 21.Nh5 {#r} 1-0

[Event "It (open) \"]
[Site "masterchessopen.com – Prague (Czech Republic)"]
[Round "3"]
[White "Movsesian Sergei (SVK)"]
[Black "Krejci Jakub (CZE)"]
[Result "1-0"]
[WhiteElo "2470"]
[BlackElo "2195"]

1.d4 Nf6 2.c4 e6 3.Nc3 Bb4 4.f3 c5 5.d5 Bxc3+ 6.bxc3 e5 7.e4 O-O 8.Bd3 d6
9.Ne2 Nbd7 10.Be3 Rb8 11.a4 Qa5 12.O-O Re8 13.Qd2 a6 14.g4 Nb6 15.Ng3 g6
16.Bh6 Nfd7 17.Nf5 f6 18.Nxd6 Re7 19.g5 Nxa4 20.gxf6 Nxf6 21.Qg5 {#r} 1-0

[Event "Ch Germany (juniors) (team)"]
[Site "masterchessopen.com – Germany"]
[Round "0"]
[White "Fahimi Mustafa (GER)"]
[Black "Gottschlich Carsten (GER)"]
[Result "1-0"]
[WhiteElo "2207"]
[BlackElo "2195"]

1.d4 Nf6 2.c4 e6 3.Nc3 Bb4 4.f3 c5 5.d5 Nh5 6.Nh3 Qh4+ 7.Nf2 Qxc4 8.e4 Bxc3+
9.bxc3 Qxc3+ 10.Bd2 Qf6 11.g4 Nf4 12.g5 Qxg5 13.Qc1 e5 14.Qxc5 Na6 15.Bxa6
bxa6 16.Rc1 Qd8 17.d6 Ng6 18.Ba5 {#r} 1-0

[Event "It (open)"]
[Site "masterchessopen.com – Graz (Austria)"]
[Round "0"]
[White "Krassnitzer Otto (AUT)"]
[Black "Palos Osman (BIH)"]
[Result "0-1"]
[WhiteElo "2076"]
[BlackElo "2335"]

1.d4 Nf6 2.c4 e6 3.Nc3 Bb4 4.f3 Nh5 5.Nh3 c5 6.d5 Qh4+ 7.Nf2 Qxc4 8.e4 Qd4
9.Bd2 O-O 10.Qb3 exd5 11.Rd1 dxe4 12.Ncxe4 Nc6 13.a3 Na5 14.Qc2 Qe3+ 15.Be2
Nf4 16.Bxb4 cxb4 17.axb4 d5 18.Ng4 Bxg4 {#R} 0-1

[Event "It (cat.8)"]
[Site "masterchessopen.com – Moscow (Russia)"]
[Round "0"]
[White "Moskalenko Viktor (UKR)"]
[Black "Kiriakov Petr (RUS)"]
[Result "1-0"]
[WhiteElo "2470"]
[BlackElo "2515"]

1.d4 Nf6 2.c4 e6 3.Nc3 Bb4 4.f3 c5 5.d5 Nh5 6.g3 f5 7.f4 Nf6 8.Bg2 Bxc3+
9.bxc3 O-O 10.Nh3 d6 11.O-O h6 12.Nf2 Qe7 13.e4 fxe4 14.Nxe4 Nxe4 15.Bxe4 e5
16.fxe5 Rxf1+ 17.Qxf1 Qxe5 18.Bg6 Qf6 19.Qxf6 gxf6 20.Bf4 Kg7 21.Bd3 Nd7
22.Bxd6 Ne5 23.Bxe5 fxe5 24.Re1 Kf6 {#r} 1-0

[Event "Memorial A.Alekhine (open)"]
[Site "masterchessopen.com – Moscow (Russia)"]
[Round "7"]
[White "Volkov Sergey Viktorovich (RUS)"]
[Black "Makarichev Sergey (RUS)"]
[Result "1-0"]
[WhiteElo "2485"]
[BlackElo "2520"]

1.d4 Nf6 2.c4 e6 3.Nc3 Bb4 4.f3 d5 5.a3 Bxc3+ 6.bxc3 c6 7.e3 b6 8.cxd5 cxd5
9.a4 O-O 10.a5 Ba6 11.Bxa6 Nxa6 12.Qd3 Qc7 13.axb6 axb6 14.Rxa6 Rxa6 15.Qxa6
Qxc3+ 16.Bd2 Qc2 17.Ne2 e5 18.Qxb6 h6 19.Qc5 {#r} 1-0

[Event "Ch Netherlands (team) 1996/97"]
[Site "masterchessopen.com – Netherlands"]
[Round "8"]
[White "Ballon Guenther Jan (NED)"]
[Black "Landtman Milco (NED)"]
[Result "0-1"]
[WhiteElo "2270"]
[BlackElo "2253"]

1.d4 Nf6 2.c4 e6 3.Nc3 Bb4 4.f3 c5 5.d5 b5 6.e4 bxc4 7.Bxc4 Nxd5 8.Bxd5 exd5
9.Qxd5 Nc6 10.Ne2 Ba6 11.Bf4 O-O 12.Kf2 Qb6 13.a3 Ba5 14.Qa2 c4+ 15.Be3 Qb7
16.Na4 d6 17.Rhd1 Bc7 18.Rd5 Ne5 19.Nc1 f5 20.Rd4 fxe4 {#R} 0-1

[Event "It (open)"]
[Site "masterchessopen.com – Pizol"]
[Round "2"]
[White "Dittmar Peter (GER)"]
[Black "Kull Martin (SUI)"]
[Result "1-0"]
[WhiteElo "2390"]
[BlackElo "2073"]

1.d4 Nf6 2.c4 e6 3.Nc3 Bb4 4.f3 c5 5.d5 exd5 6.cxd5 d6 7.e4 O-O 8.Ne2 b5 9.Be3
Re8 10.Ng3 a6 11.Be2 Nbd7 12.O-O Ne5 13.a3 Bxc3 14.bxc3 Rb8 15.Qd2 Qe7 16.f4
Nxe4 17.Nxe4 Nc4 18.Bxc4 Qxe4 19.Bxc5 Qxc4 20.Bxd6 Rb6 21.Rae1 Rxe1 22.Rxe1
Bd7 23.Qe3 {#r} 1-0

[Event "It (open) \"]
[Site "masterchessopen.com – Athens (Greece)"]
[Round "9"]
[White "Kaloskambis Mihail (GRE)"]
[Black "Trivizas Mihail (GRE)"]
[Result "1-0"]
[WhiteElo "2035"]
[BlackElo "2067"]

1.d4 Nf6 2.c4 e6 3.Nc3 Bb4 4.f3 d5 5.e3 O-O 6.a3 Bxc3+ 7.bxc3 b6 8.Bd3 Ba6
9.Qe2 Nc6 10.e4 Na5 11.cxd5 Bxd3 12.Qxd3 Nb3 13.Rb1 Nxc1 14.Rxc1 exd5 15.Ne2
Qe7 16.e5 Nd7 17.O-O Qxa3 18.Qb5 {#r} 1-0

[Event "Ch Slovenia (w)"]
[Site "masterchessopen.com – Ljubljana (Slovenia)"]
[Round "6"]
[White "Stumberger Tania (SLO)"]
[Black "Maric Katarina (SLO)"]
[Result "0-1"]
[WhiteElo "2014"]
[BlackElo "2008"]

1.d4 Nf6 2.c4 e6 3.Nc3 Bb4 4.f3 d5 5.a3 Be7 6.Bg5 O-O 7.e3 h6 8.Bh4 c5 9.cxd5
exd5 10.Nge2 Nc6 11.Qd2 Na5 12.Qc2 g6 13.Bxf6 Bxf6 14.dxc5 Nc4 15.Kf2 d4
16.exd4 Bxd4+ 17.Ke1 Re8 18.Nd1 Nxb2 19.Nxb2 Bf5 20.Qd2 Qf6 21.Qxh6 Be3 {#R}
0-1

[Event "Ch Yugoslavia (1/2 final)"]
[Site "masterchessopen.com – Mataruska Banja (Serbia)"]
[Round "1"]
[White "Spiric Igor (SRB)"]
[Black "Tosic Miroslav (SRB)"]
[Result "0-1"]
[WhiteElo "2276"]
[BlackElo "2420"]

1.d4 Nf6 2.c4 e6 3.Nc3 Bb4 4.f3 c5 5.d5 b5 6.e4 bxc4 7.Bxc4 exd5 8.Bxd5 Nxd5
9.Qxd5 O-O 10.Bf4 Nc6 11.Ne2 Ba6 12.a3 Qa5 13.Kf2 Bxc3 14.Nxc3 Qb6 15.Na4 Qb5
16.Nxc5 Qxb2+ 17.Kg3 Bc8 18.Rab1 Qf6 19.h4 Re8 20.h5 h6 21.Rhe1 a5 22.Bd6 a4
23.f4 Ra5 24.Bc7 Qc3+ {#R} 0-1

[Event "It (open)"]
[Site "masterchessopen.com – Portoroz (Slovenia)"]
[Round "5"]
[White "Rudolph Johannes (GER)"]
[Black "Krasevec Viktor (SLO)"]
[Result "1-0"]
[WhiteElo "2288"]
[BlackElo "2015"]

1.d4 Nf6 2.c4 e6 3.Nc3 Bb4 4.f3 d5 5.a3 Bxc3+ 6.bxc3 h6 7.cxd5 exd5 8.e3 O-O
9.Bd3 Re8 10.Ne2 c5 11.O-O b6 12.Ng3 Nc6 13.Ra2 Be6 14.Re2 Qd7 15.Bb1 Nh7
16.Qd3 Nf8 17.Nh5 f5 18.g4 c4 19.Qc2 Qf7 20.Rg2 g6 21.gxf5 Bxf5 22.Qxf5 Qxf5
23.Bxf5 Kf7 24.Bg4 {#r} 1-0

[Event "Ch World (juniors) (under 20)"]
[Site "masterchessopen.com – Zagan (Poland)"]
[Round "13"]
[White "Karner Christoph (AUT)"]
[Black "Nabil Adel Nasser (LIB)"]
[Result "1-0"]
[WhiteElo "2155"]
[BlackElo "2030"]

1.d4 Nf6 2.c4 e6 3.Nc3 Bb4 4.f3 O-O 5.e4 d5 6.e5 Nfd7 7.cxd5 exd5 8.a3 Bxc3+
9.bxc3 f6 10.exf6 Nxf6 11.Bd3 Nh5 12.Ne2 Qh4+ 13.g3 Qh3 14.Kf2 Nc6 15.Qb3 Ne7
16.Bg5 Nxg3 17.hxg3 Rxf3+ 18.Kxf3 Qg4+ 19.Kg2 Bf5 20.Bxe7 Bxd3 21.Qxd5+ Kh8
22.Nf4 {#r} 1-0

[Event "It (open)"]
[Site "masterchessopen.com – Bad Woerishofen (Germany)"]
[Round "3"]
[White "Naumann Alexander (GER)"]
[Black "Gebhard Thomas (GER)"]
[Result "1-0"]
[WhiteElo "2465"]
[BlackElo "2086"]

1.d4 Nf6 2.c4 e6 3.Nc3 Bb4 4.f3 c5 5.d5 e5 6.e4 d6 7.Bd3 Bxc3+ 8.bxc3 Nbd7
9.Qa4 O-O 10.Ne2 Ne8 11.Be3 g6 12.Qc2 Ng7 13.g4 Nb6 14.Ng3 g5 15.h4 h6 16.hxg5
hxg5 17.Qh2 f6 18.Qh7+ Kf7 19.Rh6 Rg8 20.Nh5 Nd7 21.Qg6+ Kf8 22.Nxg7 Rxg7
23.Rh8+ {#r} 1-0

[Event "It (open)"]
[Site "masterchessopen.com – Biel (Switzerland)"]
[Round "8"]
[White "Liardet Fabrice (SUI)"]
[Black "Zenklusen Rico (SUI)"]
[Result "1-0"]
[WhiteElo "2320"]
[BlackElo "2399"]

1.d4 Nf6 2.c4 e6 3.Nc3 Bb4 4.f3 c5 5.d5 Bxc3+ 6.bxc3 Qa5 7.Bd2 e5 8.e4 d6
9.Bd3 O-O 10.Ne2 Re8 11.O-O Nbd7 12.Ng3 Nf8 13.Bg5 N6d7 14.Nf5 Qa6 15.Qd2 f6
16.Bh6 g6 17.Ne3 g5 18.Nf5 Ng6 19.Bxg5 fxg5 20.Qxg5 Kh8 21.h4 Rg8 22.Nh6 Rf8
23.g3 Qa5 24.h5 Qd8 {#r} 1-0

[Event "It (open)"]
[Site "masterchessopen.com – Minsk (Belarus)"]
[Round "4"]
[White "Volkov Sergey Viktorovich (RUS)"]
[Black "Charnushevich Alexei (FRA)"]
[Result "1-0"]
[WhiteElo "2605"]
[BlackElo "2415"]

1.d4 Nf6 2.c4 e6 3.Nc3 Bb4 4.f3 c5 5.d5 b5 6.e4 bxc4 7.Bxc4 exd5 8.exd5 d6
9.Qe2+ Qe7 10.Bf4 Qxe2+ 11.Nxe2 Nbd7 12.O-O Ba6 13.Nb5 Nh5 14.Be3 Ke7 15.Bg5+
f6 16.Be3 g5 17.g4 Ng7 18.f4 h6 19.Ng3 Ba5 20.Rf2 Bc8 21.fxg5 hxg5 {#r} 1-0

[Event "It (open)"]
[Site "masterchessopen.com – Bad Woerishofen (Germany)"]
[Round "9"]
[White "Volkov Sergey Viktorovich (RUS)"]
[Black "Antemia Paul (ROM)"]
[Result "1-0"]
[WhiteElo "2575"]
[BlackElo "2270"]

1.d4 Nf6 2.c4 e6 3.Nc3 Bb4 4.f3 c5 5.d5 Nh5 6.Nh3 f5 7.dxe6 dxe6 8.Qxd8+ Kxd8
9.Bg5+ Kc7 10.g4 h6 11.Bd2 Nf6 12.gxf5 exf5 13.O-O-O Bxc3 14.Bxc3 Be6 15.Rg1
Rg8 16.Be5+ Kc8 17.Rd6 Bxc4 18.b3 Bf7 19.Bxf6 gxf6 20.Rxf6 Rxg1 21.Nxg1 Be8
22.Bh3 Kc7 23.Rxh6 Nc6 {#r} 1-0

[Event "It (open)"]
[Site "masterchessopen.com – Benasque (Spain)"]
[Round "2"]
[White "Herranz Lafuente Angel (ESP)"]
[Black "Kurajica Bojan (CRO)"]
[Result "0-1"]
[WhiteElo "2315"]
[BlackElo "2541"]

1.d4 Nf6 2.c4 e6 3.Nc3 Bb4 4.f3 d5 5.Qa4+ Nc6 6.e3 O-O 7.Bd3 e5 8.a3 exd4
9.axb4 dxc3 10.bxc3 Ne5 11.Qc2 dxc4 12.Be2 Nd5 13.e4 Nb6 14.Be3 Nd3+ {#R} 0-1

[Event "It (open)"]
[Site "masterchessopen.com – Bern (Switzerland)"]
[Round "2"]
[White "Gaule Patrick (SUI)"]
[Black "Sokolov Andrei (FRA)"]
[Result "0-1"]
[WhiteElo "2104"]
[BlackElo "2543"]

1.d4 Nf6 2.c4 e6 3.Nc3 Bb4 4.f3 d5 5.a3 Bxc3+ 6.bxc3 c6 7.e3 O-O 8.Bd3 Re8
9.Ne2 e5 10.cxd5 cxd5 11.Ng3 Nc6 12.O-O Bd7 13.Rb1 b6 14.Re1 h5 15.Nh1 h4
16.Nf2 Qc7 17.Bb2 e4 18.fxe4 dxe4 19.Bb5 Na5 20.a4 Bxb5 21.axb5 Nc4 22.Qe2
Rac8 {#R} 0-1

[Event "It (open)"]
[Site "masterchessopen.com – Campobasso (Italy)"]
[Round "1"]
[White "Lagumina Giulio (ITA)"]
[Black "Di Lascio Savino (ITA)"]
[Result "1-0"]
[WhiteElo "2281"]
[BlackElo "1965"]

1.d4 Nf6 2.c4 e6 3.Nc3 Bb4 4.f3 O-O 5.e4 Nxe4 6.fxe4 Qh4+ 7.Ke2 Bxc3 8.bxc3
Qxe4+ 9.Kf2 Qh4+ 10.g3 Qf6+ 11.Nf3 h6 12.Bd3 c5 13.Rf1 d5 14.Kg2 dxc4 15.Bxc4
b6 16.Ne5 Bb7+ 17.Kg1 Qe7 18.Qg4 Kh7 19.Rxf7 {#r} 1-0

[Event "Ch Finland (team) 1999/00 (I Division)"]
[Site "masterchessopen.com – Finland"]
[Round "4"]
[White "Salmela Hannu (FIN)"]
[Black "Rajamaki Keijo (FIN)"]
[Result "1-0"]
[WhiteElo "2041"]
[BlackElo "1917"]

1.d4 Nf6 2.c4 e6 3.Nc3 Bb4 4.f3 O-O 5.e4 Nh5 6.Nh3 f5 7.exf5 exf5 8.Be2 Qh4+
9.Nf2 Nc6 10.d5 Ne5 11.g3 Nxg3 12.hxg3 Qxg3 13.Be3 Re8 14.Kd2 Ng4 15.Nxg4 fxg4
16.Qg1 Qe5 17.Bd3 h6 18.fxg4 b5 19.Rh5 Qf6 20.g5 Qf7 21.gxh6 Rxe3 22.Bh7+ {#r}
1-0

[Event "It (open)"]
[Site "masterchessopen.com – Geneva (Switzerland)"]
[Round "1"]
[White "Liardet Fabrice (SUI)"]
[Black "Graf Alexander (GER)"]
[Result "0-1"]
[WhiteElo "2302"]
[BlackElo "2584"]

1.d4 Nf6 2.c4 e6 3.Nc3 Bb4 4.f3 d5 5.a3 Bxc3+ 6.bxc3 c6 7.e3 O-O 8.Bd3 b6
9.cxd5 cxd5 10.e4 dxe4 11.fxe4 Nxe4 12.Nf3 Bb7 13.Qc2 f5 14.O-O Nd7 15.c4 Rc8
16.Qe2 e5 17.Bb2 exd4 18.Nxd4 Ndc5 19.Rad1 Qg5 20.Bxe4 Bxe4 21.Bc1 Qg6 22.Nb5
Rcd8 23.Rf2 Nd3 {#R} 0-1

[Event "It (open)"]
[Site "masterchessopen.com – Gyongyos (Hungary)"]
[Round "6"]
[White "Kovacs Tamas (HUN)"]
[Black "Vereb Andras (HUN)"]
[Result "1-0"]
[WhiteElo "2161"]
[BlackElo "2086"]

1.d4 Nf6 2.c4 e6 3.Nc3 Bb4 4.f3 c5 5.d5 Bxc3+ 6.bxc3 d6 7.e4 e5 8.Bd3 Qa5
9.Ne2 Nbd7 10.O-O Nb6 11.Bd2 Bd7 12.Rb1 h6 13.f4 Ba4 14.Qe1 Nfd7 15.Qh4 Nf6
16.fxe5 dxe5 17.Rxf6 gxf6 18.Qxf6 Rf8 19.d6 Nc8 {#r} 1-0

[Event "It (open)"]
[Site "masterchessopen.com – Madrid (Spain)"]
[Round "0"]
[White "Herraiz Hidalgo Luis (ESP)"]
[Black "Martinez Miura Enrique (ESP)"]
[Result "1-0"]
[WhiteElo "2148"]
[BlackElo "1713"]

1.d4 Nf6 2.c4 e6 3.Nc3 Bb4 4.f3 d5 5.a3 Be7 6.e4 dxe4 7.fxe4 O-O 8.Nf3 a6
9.Bd3 Re8 10.O-O c6 11.e5 Nfd7 12.Bxh7+ Kxh7 13.Ng5+ Bxg5 14.Qh5+ Bh6 15.Bxh6
Nf6 16.exf6 Qxd4+ 17.Be3+ {#r} 1-0

[Event "Zt (w)"]
[Site "masterchessopen.com – Saint Vincent (Italy)"]
[Round "3"]
[White "Sirletti Sonia (ITA)"]
[Black "Berend Elvira S (LUX)"]
[Result "0-1"]
[WhiteElo "1940"]
[BlackElo "2326"]

1.d4 Nf6 2.c4 e6 3.Nc3 Bb4 4.f3 d5 5.cxd5 exd5 6.e3 O-O 7.Bd3 Be7 8.Nge2 c5
9.O-O Nc6 10.a3 Re8 11.Bb1 Bf8 12.Ba2 Be6 13.Nf4 cxd4 14.exd4 Rc8 15.Be3 Na5
16.Nd3 Nc4 17.Bc1 Qb6 18.Ne2 Bf5 19.b4 Rxe2 20.Bxc4 dxc4 21.Qxe2 Bxd3 {#R} 0-1

[Event "It (open)"]
[Site "masterchessopen.com – Tampere (Finland)"]
[Round "2"]
[White "Salmela Hannu (FIN)"]
[Black "Kiik Kalle (EST)"]
[Result "1-0"]
[WhiteElo "2041"]
[BlackElo "2438"]

1.d4 Nf6 2.c4 e6 3.Nc3 Bb4 4.f3 d5 5.a3 Be7 6.e4 dxe4 7.fxe4 e5 8.d5 Bc5 9.Nf3
Bg4 10.Be2 Bxf3 11.Bxf3 a5 12.Qe2 Nbd7 13.Be3 a4 14.O-O O-O 15.Qf2 b6 16.Ne2
Ne8 17.Bg4 Qg5 18.Bxg5 {#r} 1-0

[Event "It (open)"]
[Site "masterchessopen.com – Liechtenstein"]
[Round "2"]
[White "Ballon Guenther Jan (NED)"]
[Black "Dietmar Lins"]
[Result "1-0"]
[WhiteElo "2240"]
[BlackElo "2308"]

1.d4 Nf6 2.c4 e6 3.Nc3 Bb4 4.f3 Bxc3+ 5.bxc3 O-O 6.e4 d6 7.Bd3 Nbd7 8.Ne2 b6
9.O-O Bb7 10.Bg5 h6 11.Bh4 e5 12.Bf2 c5 13.d5 Re8 14.Qd2 Nh5 15.g4 Nhf6 16.Ng3
g5 17.Nf5 Nf8 18.Nxh6+ Kg7 19.Qxg5+ Ng6 20.Nf5+ Kg8 21.Qh6 {#r} 1-0

[Event "It (open)"]
[Site "masterchessopen.com – Mislata (Spain)"]
[Round "4"]
[White "Coret Frasquet Jose (ESP)"]
[Black "Alberola Mulet Jairo (ESP)"]
[Result "1-0"]
[WhiteElo "2251"]
[BlackElo "2089"]

1.d4 Nf6 2.c4 e6 3.Nc3 Bb4 4.f3 Nh5 5.Nh3 f5 6.e3 b6 7.Be2 Nf6 8.O-O Bb7 9.Qb3
Qe7 10.a3 Bxc3 11.Qxc3 d6 12.b4 Nbd7 13.Bb2 O-O 14.Bd3 g6 15.Rad1 a5 16.Nf2
axb4 17.axb4 e5 18.c5 bxc5 19.bxc5 Ba6 20.Bxa6 {#r} 1-0